La Catedral de Valladolid (Record no. 52217)

MARC details
000 -LEADER
campo de control de longitud fija 00745nam a2200193 i 4500
001 - NÚMERO DE CONTROL
campo de control 52217
003 - IDENTIFICADOR DE NÚMERO DE CONTROL
campo de control ES-MaACL
005 - FECHA Y HORA DE LA ÚLTIMA TRANSACCIÓN
campo de control 20231211202552.0
007 - CAMPO FIJO DE DESCRIPCIÓN FÍSICA--INFORMACIÓN GENERAL
campo de control de longitud fija t|
008 - DATOS DE LONGITUD FIJA--INFORMACIÓN GENERAL
campo de control de longitud fija 030826s1947 sp ||||1| spa d
100 1# - ENTRADA PRINCIPAL--NOMBRE DE PERSONA
Nombre de persona Chueca Goitia, Fernando,
Fechas asociadas al nombre 1911-2004
9 (RLIN) 38688
245 13 - MENCIÓN DEL TÍTULO
Título La Catedral de Valladolid
Resto del título : una página del siglo de oro de la arquitectura española /
Mención de responsabilidad, etc. por Fernando Chueca Goitia.
260 ## - PUBLICACIÓN, DISTRIBUCIÓN, ETC.
Lugar de publicación, distribución, etc. Madrid :
Nombre del editor, distribuidor, etc. [s.n.],
Fecha de publicación, distribución, etc. 1947 (
Fabricante Blass)
300 ## - DESCRIPCIÓN FÍSICA
Extensión 240 p., 51 lám, 4 gráf. :
Otras características físicas il. ;
Dimensiones 29 cm.
500 ## - NOTA GENERAL
Nota general Precede al tít.: Consejo Superior de Investigaciones Científicas. Instituto Diego Velázquez.
710 2# - ENTRADA AGREGADA--NOMBRE DE ENTIDAD CORPORATIVA
Nombre de entidad corporativa o nombre de jurisdicción como elemento de entrada Instituto Diego Velázquez.
9 (RLIN) 5021
852 ## - LOCALIZACIÓN
Ubicación ES-MaACL
Número de control de estantería B-5917
Sublocalización o colección R.25136
Holdings
Estatus retirado Estado de pérdida Estado de daño No para préstamo Biblioteca de origen Biblioteca actual Ubicación en estantería Fecha de adquisición Fuente de adquisición Total de préstamos Signatura topográfica completa Código de barras Visto por última vez Precio de reemplazo Tipo de ítem Koha
        Biblioteca del Ateneo de Madrid Biblioteca del Ateneo de Madrid Sala Pardo Bazán 17/01/2008     B-5917 1054894 23/02/2023 23/02/2023 Libro impreso